000 01128nam a2200301 i 4500
001 000027493
003 DO-SdBNP
005 20241111132141.0
007 ta
008 110401s2005 dr abd 000 0 spa d
020 _z9993432056
040 _aDO-SdBNP
_bspa
_cBNPHU
_erda
082 _a972.9304
_bA473d
_222
100 1 _aÁlvarez López, Luis
_eautor
_944998
245 1 0 _aDieciséis conclusiones fundamentales sobre la anexión y la guerra de la restauración (1861-1865) /
_cLuis Álvarez López.
264 _aSanto Domingo :
_bArgos,
_c2005.
300 _a118 páginas :
_bilustraciones, mapa. ;
_c22 cm.
336 _ardacontent
_btexto
_2txt
337 _ardamedia
_bsin mediación
_2n
338 _ardacarrier
_bvolumen
_2nc
504 _aIncluye referencias bibliográficas y notas al pie de las páginas.
504 _aBibliografía : p. 83-89
590 _aInventariado, 2024/DG
651 4 _aRepública Dominicana
_xHistoria
_yANEXIÓN A ESPAÑA, 1861-1865
_9139
651 0 _aREPÚBLICA DOMINICANA
_xHISTORIA
_yRESTAURACIÓN 1863-1865
_9896
910 _aValidado. Control de calidad BNPHU
942 _2ddc
_cLBS1
999 _c26985
_d26985